Критические нагрузки подкисляющих соединений на наземные экосистемы Байкальского региона; Сибирский экологический журнал; № 1

Dades bibliogràfiques
Parent link:Сибирский экологический журнал: научный журнал/ Российская академия наук (РАН), Сибирское отделение (СО).— , 1995-.— 0869-8619
№ 1.— 2002.— С. 85-94
Altres autors: Семёнов М. Ю., Сергеева М. В., Кобелева Н. А., Нецветаева О. Г.
Idioma:rus
Publicat: 2002
Matèries:
Format: MixedMaterials Capítol de llibre
KOHA link:https://koha.lib.tpu.ru/cgi-bin/koha/opac-detail.pl?biblionumber=383118

MARC

LEADER 00000naa2a2200000 4500
001 383118
005 20231101063055.0
035 |a (RuTPU)RU\TPU\prd\8301 
090 |a 383118 
100 |a 20021112a2002 k y0rusy50 ca 
101 0 |a rus 
102 |a RU 
200 1 |a Критические нагрузки подкисляющих соединений на наземные экосистемы Байкальского региона  |f М. Ю. Семёнов, М. В. Сергеева, Н. А. Кобелева, О. Г. Нецветаева 
320 |a Библиогр.: 11 назв. 
461 1 |0 (RuTPU)RU\TPU\prd\1754  |x 0869-8619  |t Сибирский экологический журнал  |o научный журнал  |f Российская академия наук (РАН), Сибирское отделение (СО)  |d 1995- 
463 1 |0 (RuTPU)RU\TPU\prd\6329  |t № 1  |v С. 85-94  |d 2002 
610 1 |a подкисляющие соединения 
610 1 |a экосистемы 
610 1 |a Байкальский регион 
610 1 |a кислотные дожди 
610 1 |a экология 
675 |a 550.7  |v 3 
701 1 |a Семёнов  |b М. Ю. 
701 1 |a Сергеева  |b М. В. 
701 1 |a Кобелева  |b Н. А. 
701 1 |a Нецветаева  |b О. Г. 
801 1 |a RU  |b 63413507  |c 20021112  |g PSBO 
801 2 |a RU  |b 63413507  |c 20131209  |g RCR 
942 |c BK